[Event "Mittelrhein Verbandsliga West 1920"]
[Site "Mittelrhein"]
[Date "2020.01.19"]
[Round "5.7"]
[White "Liebe, Uwe"]
[Black "Lennartz, Nikos"]
[Result "1/2-1/2"]
[WhiteElo "1812"]
[BlackElo "1415"]
[PlyCount "76"]
[EventDate "2019.09.29"]
[EventType "team-tourn"]
[EventRounds "9"]
[EventCountry "GER"]
[SourceTitle "EXT 2023"]
[Source "ChessBase"]
[SourceDate "2022.10.05"]
[SourceVersion "1"]
[SourceVersionDate "2022.10.05"]
[SourceQuality "1"]
[WhiteTeam "Lendersdorf"]
[BlackTeam "Kalterherberg"]
[WhiteTeamCountry "GER"]
[BlackTeamCountry "GER"]

1. e4 d5 2. d4 dxe4 3. Nc3 Nf6 4. Bg5 Nbd7 5. f3 exf3 6. Nxf3 e6 7. Bd3 Be7 8. 0-0 b6 9. Qe1 Bb7 10. Rd1 Nd5 11. Ne4 Bxg5 12. Nfxg5 N7f6 13. Nxf7 Qd7 14. Nxh8 0-0-0 15. Ng5 Rxh8 16. Qxe6 Qxe6 17. Nxe6 Ne3 18. Rde1 Nxf1 19. Kxf1 g6 20. c4 Re8 21. g3 Kd7 22. Nf4 Rxe1+ 23. Kxe1 Kd6 24. b4 c5 25. bxc5+ bxc5 26. d5 Bc8 27. Kd2 Ke5 28. Kc3 Ng4 29. h4 Ne3 30. Be2 Nf5 31. Bg4 Kd6 32. h5 gxh5 33. Bxf5 Bxf5 34. Nxh5 Ke5 35. Kd2 Kd4 36. Nf6 Ke5 37. Ne8 Bd7 38. Nc7 Kd4 1/2-1/2